Zákon č. 563/2009 Z. z. o správe daní (daňový poriadok) - komentár
Od roku 2022 prináša Daňový poriadok viacero zmien, a to napríklad povinnosť oznamovania bankových účtov, či zmeny týkajúce sa index daňovej spoľahlivosti; diskvalifikácia FO - zavedenie možnosti vylúčenia z pozície štatutárneho orgánu; vypočutie svedka alebo znalca aj elektronicky; úpravy smerujúce...
Gespeichert in:
| 1. Verfasser: | |
|---|---|
| Weitere Verfasser: | |
| Format: | Buchkapitel |
| Sprache: | Slowakisch |
| Schlagworte: | |
| Tags: |
Keine Tags, Fügen Sie das erste Tag hinzu!
|
MARC
| LEADER | 00000naa a2200000 4500 | ||
|---|---|---|---|
| 001 | 0284519 | ||
| 005 | 20240417075206.8 | ||
| 041 | 0 | |a slo | |
| 044 | |a SK | ||
| 245 | 1 | 0 | |a Zákon č. 563/2009 Z. z. o správe daní (daňový poriadok) - komentár |c Adela Gašparovičová, Ingrid Ney |
| 520 | |a Od roku 2022 prináša Daňový poriadok viacero zmien, a to napríklad povinnosť oznamovania bankových účtov, či zmeny týkajúce sa index daňovej spoľahlivosti; diskvalifikácia FO - zavedenie možnosti vylúčenia z pozície štatutárneho orgánu; vypočutie svedka alebo znalca aj elektronicky; úpravy smerujúce k zníženiu administratívneho zaťaženia daňových subjektov. | ||
| 610 | 2 | 0 | |a poriadok daňový |
| 610 | 2 | 0 | |a právo |
| 610 | 2 | 0 | |a legislatíva |
| 610 | 2 | 0 | |a zákony |
| 610 | 2 | 0 | |a parlamenty |
| 610 | 2 | 0 | |a správa daňová |
| 610 | 2 | 0 | |a komentáre |
| 610 | 2 | 0 | |a zmennosť |
| 610 | 2 | 0 | |a povinnosť daňová |
| 610 | 2 | 0 | |a povinnosť oznamovacia |
| 100 | 1 | |a Gašparovičová, Adela | |
| 700 | 1 | |a Ney, Ingrid | |